[Event "TUR-chT 2nd League"]
[Site "Konya"]
[Date "2022.08.26"]
[Round "7.5"]
[White "Acar, Ilayda"]
[Black "Guney, Gamze Nur"]
[Result "0-1"]
[WhiteElo "1579"]
[BlackElo "1743"]
[PlyCount "130"]
[EventDate "2022.08.22"]
[EventType "team-swiss"]
[EventRounds "9"]
[EventCountry "TUR"]
[SourceTitle "CBM 210 Extra"]
[Source "ChessBase"]
[SourceDate "2022.11.30"]
[SourceVersion "1"]
[SourceVersionDate "2022.11.30"]
[SourceQuality "1"]
[WhiteTeam "Karaman Masterler"]
[BlackTeam "Ortaca Belediye"]
[WhiteTeamCountry "TUR"]
[BlackTeamCountry "TUR"]

1. e4 c5 2. Nf3 d6 3. d4 cxd4 4. Qxd4 Nc6 5. Bb5 Bd7 6. Bxc6 Bxc6 7. Nc3 Nf6 8. Bg5 h6 9. Bxf6 gxf6 10. 0-0-0 e6 11. Rhe1 Rg8 12. g3 Be7 13. Nh4 Qa5 14. Kb1 0-0-0 15. Qd2 Qc5 16. Qe3 h5 17. Qxc5 dxc5 18. Rxd8+ Rxd8 19. Kc1 b5 20. f3 Rg8 21. Ng2 Bd6 22. Nb1 f5 23. Nd2 fxe4 24. Nxe4 Be7 25. Re2 f5 26. Nd2 Kd7 27. b3 Bg5 28. f4 Bf6 29. c4 a6 30. Ne1 h4 31. gxh4 Bxh4 32. Nef3 Bf6 33. Rf2 Rg4 34. Ne5+ Bxe5 35. fxe5 Ke7 36. Kc2 Kf7 37. Kd3 Kg6 38. Ke3 Kg5 39. cxb5 axb5 40. Ke2 f4 41. Nf3+ Kf5 42. a3 Bd5 43. b4 c4 44. Nd4+ Kxe5 45. Nxb5 Bc6 46. Nc3 Kd4 47. Kd2 e5 48. Ne2+ Kd5 49. Nc3+ Ke6 50. Ne2 Kf5 51. Kc3 f3 52. h3 Rh4 53. Ng1 e4 54. Kd2 Ke5 55. Ke3 Rh8 56. Rd2 Rg8 57. Rd1 Rg2 58. Rf1 Ra2 59. Rc1 Rxa3+ 60. Kf2 Bd5 61. Rb1 Kf4 62. b5 Ra2+ 63. Kf1 e3 64. b6 Bb7 65. Rc1 c3 0-1

[Event "TUR-chT 2nd League"]
[Site "Konya"]
[Date "2019.07.23"]
[Round "3.3"]
[White "Guney, Gamze Nur"]
[Black "Tepeli, Sugra"]
[Result "1-0"]
[WhiteElo "1735"]
[BlackElo "1430"]
[PlyCount "67"]
[EventDate "2019.07.22"]
[EventType "team-swiss"]
[EventRounds "9"]
[EventCountry "TUR"]
[SourceTitle "CBM 191 Extra"]
[Source "ChessBase"]
[SourceDate "2019.09.30"]
[SourceVersion "1"]
[SourceVersionDate "2019.09.30"]
[SourceQuality "1"]
[WhiteTeam "Mugla Ortaca Belediye"]
[BlackTeam "Cesme Belediye"]
[WhiteTeamCountry "TUR"]
[BlackTeamCountry "TUR"]

1. d4 Nf6 2. c4 g6 3. Nc3 Bg7 4. e4 d6 5. Nf3 0-0 6. Be2 e5 7. Be3 Nc6 8. d5 Ne7 9. b4 Nd7 10. 0-0 f5 11. Ng5 Nf6 12. f3 f4 13. Bf2 h6 14. Ne6 Bxe6 15. dxe6 Nh7 16. c5 dxc5 17. Bxc5 Re8 18. Qb3 b6 19. Bxe7 Rxe7 20. Nd5 Ng5 21. Nxe7+ Qxe7 22. Rad1 Nxe6 23. Bc4 Re8 24. Bb5 Rf8 25. Rd7 Qf6 26. Rc1 Kh8 27. Rc6 Qh4 28. Rxe6 Bf6 29. Rc6 Qe1+ 30. Bf1 Bh4 31. Qd1 Qxb4 32. Rcxc7 Re8 33. Rh7+ Kg8 34. Qd5+ 1-0

[Event "TUR-chT 2nd League"]
[Site "Konya"]
[Date "2019.07.22"]
[Round "1.6"]
[White "Guney, Gamze Nur"]
[Black "Ozaltun, Ecem"]
[Result "1-0"]
[WhiteElo "1735"]
[BlackElo "1551"]
[PlyCount "87"]
[EventDate "2019.07.22"]
[EventType "team-swiss"]
[EventRounds "9"]
[EventCountry "TUR"]
[SourceTitle "CBM 191 Extra"]
[Source "ChessBase"]
[SourceDate "2019.09.30"]
[SourceVersion "1"]
[SourceVersionDate "2019.09.30"]
[SourceQuality "1"]
[WhiteTeam "Mugla Ortaca Belediye"]
[BlackTeam "Eskiseh Tasci"]
[WhiteTeamCountry "TUR"]
[BlackTeamCountry "TUR"]

1. e4 c5 2. Nf3 d6 3. d4 cxd4 4. Nxd4 Nf6 5. f3 a6 6. Be3 e6 7. c4 Nc6 8. Nc3 Bd7 9. Be2 Be7 10. 0-0 Rc8 11. Qd2 Qc7 12. Rac1 0-0 13. Kh1 Nxd4 14. Bxd4 Qb8 15. f4 Bc6 16. e5 Nd7 17. Qe3 b6 18. Bd3 dxe5 19. fxe5 g6 20. Rce1 Nc5 21. Bb1 a5 22. Qf2 Qb7 23. Be3 Kg7 24. Qf4 Bg5 25. Qg4 Bxe3 26. Rxe3 Rcd8 27. Rg3 Be8 28. a3 Rd2 29. b4 axb4 30. axb4 Nd7 31. Qf4 Rb2 32. b5 Qc7 33. Rh3 Rh8 34. Re3 Rb4 35. Bd3 Rb3 36. Bc2 Rb2 37. Bd1 Rb4 38. Be2 Rb2 39. Nd1 Ra2 40. Nf2 Qd8 41. Ne4 Ra4 42. Nd6 Qg5 43. Nxe8+ Rxe8 44. Qxf7+ 1-0

[Event "Gebze op 5th"]
[Site "Kocaeli"]
[Date "2014.09.23"]
[Round "6"]
[White "Guney, Gamze Nur"]
[Black "Zor, Alber Kadir"]
[Result "1/2-1/2"]
[WhiteElo "1743"]
[BlackElo "2131"]
[PlyCount "108"]
[EventDate "2014.09.20"]
[EventType "swiss"]
[EventRounds "9"]
[EventCountry "TUR"]
[SourceTitle "CBM 162 Extra"]
[Source "ChessBase"]
[SourceDate "2014.10.17"]
[SourceVersion "1"]
[SourceVersionDate "2014.10.17"]
[SourceQuality "1"]

1. d4 d6 2. Nf3 g6 3. e4 Bg7 4. Bd3 Nf6 5. h3 0-0 6. 0-0 Nbd7 7. Re1 e5 8. dxe5 dxe5 9. Bg5 c6 10. Na3 Qc7 11. Nc4 b5 12. Ne3 Nc5 13. Nf1 Nh5 14. Be3 Ne6 15. a4 b4 16. Bd2 a5 17. Ne3 Nhf4 18. Bf1 Rd8 19. Qc1 Nc5 20. Nc4 Nfe6 21. Bh6 Bh8 22. Qe3 Bb7 23. b3 Nd4 24. Red1 Nce6 25. Rd2 Rd7 26. Rad1 Rad8 27. Ne1 Bg7 28. Bxg7 Kxg7 29. Qg3 f6 30. c3 bxc3 31. Qxc3 Nc5 32. Qxa5 Nxe4 33. Rd3 Qxa5 34. Nxa5 Ra8 35. Nc4 Rb8 36. Nc2 Nc5 37. Nb6 Rd6 38. Rc3 Ba6 39. Nxd4 exd4 40. Rxc5 Bxf1 41. Kxf1 Rxb6 42. Rd3 Kf7 43. Rc4 Ke6 44. Ke2 Rd5 45. b4 Ra6 46. a5 c5 47. bxc5 Rxa5 48. c6 Rdc5 49. Rdxd4 Rxc4 50. Rxc4 Ra8 51. c7 Rc8 52. Ke3 Kd6 53. Kf4 Rxc7 54. Rxc7 Kxc7 1/2-1/2

[Event "TUR-chT"]
[Site "Konya"]
[Date "2012.07.16"]
[Round "6"]
[White "Guney, Gamze Nur"]
[Black "Dincok, Gozde"]
[Result "0-1"]
[WhiteElo "1727"]
[BlackElo "1835"]
[PlyCount "82"]
[EventDate "2012.07.11"]
[EventType "team-tourn"]
[EventRounds "13"]
[EventCountry "TUR"]
[SourceTitle "CBM 149 Extra"]
[Source "ChessBase"]
[SourceDate "2012.08.24"]
[SourceVersion "1"]
[SourceVersionDate "2012.08.24"]
[SourceQuality "1"]
[WhiteTeam "Ankara Gazi"]
[BlackTeam "Denizli Pamukkale Uni"]
[WhiteTeamCountry "TUR"]
[BlackTeamCountry "TUR"]

1. e4 d5 2. exd5 Qxd5 3. Nc3 Qa5 4. d4 Nf6 5. Nf3 Bg4 6. Be2 Nc6 7. 0-0 0-0-0 8. Be3 e5 9. Bd2 Bxf3 10. Bxf3 Nxd4 11. Ne4 Nxf3+ 12. Qxf3 Qd5 13. Bg5 Qxe4 14. Qxe4 Nxe4 15. Bxd8 Kxd8 16. Rfe1 f5 17. Rad1+ Kc8 18. f3 Bc5+ 19. Kf1 Rf8 20. Re2 Ng5 21. Rxe5 Bd6 22. Red5 Bxh2 23. Kf2 Bd6 24. c4 b6 25. a3 Ne6 26. g3 a5 27. b3 Bc5+ 28. Kg2 g5 29. Rd7 h6 30. Rh7 g4 31. f4 Bxa3 32. Rd3 Nc5 33. Re3 Rd8 34. Ree7 Rd2+ 35. Kf1 Na6 36. Re8+ Kb7 37. Re3 Bc5 38. Re5 Rf2+ 39. Ke1 Rg2 40. Rxf5 Rxg3 41. Rxh6 Rxb3 0-1

[Event "EU School-ch U17"]
[Site "Kallithea"]
[Date "2012.06.20"]
[Round "9"]
[White "Rybalov, Danil"]
[Black "Guney, Gamze Nur"]
[Result "1/2-1/2"]
[WhiteElo "1693"]
[BlackElo "1724"]
[PlyCount "81"]
[EventDate "2012.06.13"]
[EventType "swiss"]
[EventRounds "9"]
[EventCountry "GRE"]
[SourceTitle "EXT 2024"]
[Source "ChessBase"]
[SourceDate "2023.10.10"]
[SourceVersion "1"]
[SourceVersionDate "2023.10.10"]
[SourceQuality "1"]

1. e4 c5 2. Nf3 d6 3. d4 cxd4 4. Nxd4 Nf6 5. Nc3 a6 6. Be3 e6 7. g4 d5 8. e5 Nfd7 9. f4 Nc6 10. Qd2 Qh4+ 11. Bf2 Nxd4 12. Bxh4 Nf3+ 13. Ke2 Nxd2 14. Kxd2 f6 15. exf6 gxf6 16. Re1 Kf7 17. f5 Ne5 18. fxe6+ Bxe6 19. Bg2 Bb4 20. Rhf1 Nd7 21. Bxf6 Nxf6 22. g5 d4 23. Rxf6+ Kg7 24. Rfxe6 dxc3+ 25. bxc3 Rad8+ 26. Kc1 Ba3+ 27. Kb1 Rd2 28. Be4 Rhd8 29. Bd3 Rxh2 30. Rb6 Rd7 31. g6 h5 32. Rf1 h4 33. Rb3 Bc5 34. Bf5 Re7 35. c4 Rhe2 36. Rf4 Bf2 37. Rbf3 Bg3 38. Rg4 Be5 39. Rg1 Bd4 40. Rd1 Bf6 41. c3 1/2-1/2

[Event "EU School-ch U17"]
[Site "Kallithea"]
[Date "2012.06.15"]
[Round "4.2"]
[White "Guney, Gamze Nur"]
[Black "Pirverdiyev, Agil"]
[Result "0-1"]
[WhiteElo "1724"]
[BlackElo "2096"]
[PlyCount "116"]
[EventDate "2012.06.13"]
[EventType "swiss"]
[EventRounds "9"]
[EventCountry "GRE"]
[SourceTitle "EXT 2024"]
[Source "ChessBase"]
[SourceDate "2023.10.10"]
[SourceVersion "1"]
[SourceVersionDate "2023.10.10"]
[SourceQuality "1"]

1. e4 c5 2. Nf3 e6 3. d4 cxd4 4. Nxd4 Nf6 5. Nc3 d6 6. Be3 Be7 7. Be2 0-0 8. 0-0 Nc6 9. f4 Qc7 10. Kh1 a6 11. Bf3 Bd7 12. Qe1 Rfd8 13. Qg3 Nxd4 14. Bxd4 Bc6 15. Rae1 g6 16. f5 e5 17. Be3 b5 18. Bg5 b4 19. Nd5 Bxd5 20. exd5 Ne8 21. fxg6 hxg6 22. Be4 Ng7 23. Bh6 Bf8 24. Bg5 Re8 25. c3 f5 26. Bc2 bxc3 27. bxc3 Rec8 28. Bd2 Qf7 29. Rb1 Rab8 30. Qf2 Ne8 31. Rb6 Qa7 32. Rxb8 Qxf2 33. Rxf2 Rxb8 34. Bb3 Nf6 35. Be1 Bh6 36. Rc2 a5 37. Kg1 Be3+ 38. Kf1 Ne4 39. Ke2 Bb6 40. Ba4 Bc5 41. Bd7 Rb1 42. Bd2 Rg1 43. Be6+ Kg7 44. Kd3 Kf6 45. g3 g5 46. Rb2 Kg6 47. Rb8 Rd1 48. Rb2 Ba3 49. Rc2 Bc1 50. Rxc1 Rxd2+ 51. Ke3 Rxh2 52. g4 Rh3+ 53. Ke2 Nxc3+ 54. Kf2 f4 55. Bf5+ Kf6 56. a3 e4 57. Kg2 Rg3+ 58. Kh2 Ke5 0-1

[Event "EU School-ch U17"]
[Site "Kallithea"]
[Date "2012.06.14"]
[Round "2"]
[White "Alev, Gonulden Seda"]
[Black "Guney, Gamze Nur"]
[Result "0-1"]
[WhiteElo "1596"]
[BlackElo "1724"]
[PlyCount "70"]
[EventDate "2012.06.13"]
[EventType "swiss"]
[EventRounds "9"]
[EventCountry "GRE"]
[SourceTitle "EXT 2024"]
[Source "ChessBase"]
[SourceDate "2023.10.10"]
[SourceVersion "1"]
[SourceVersionDate "2023.10.10"]
[SourceQuality "1"]

1. e4 c5 2. Nf3 d6 3. d4 cxd4 4. Nxd4 Nf6 5. Nc3 a6 6. f3 e6 7. Be3 Be7 8. Qd2 Qc7 9. g4 Nc6 10. h4 b5 11. h5 h6 12. 0-0-0 Bb7 13. g5 hxg5 14. Bxg5 Nxh5 15. Bxb5 axb5 16. Ndxb5 Qd8 17. Bxe7 Qxe7 18. Nxd6+ Kf8 19. f4 Rh6 20. e5 Nb4 21. Nxb7 Qxb7 22. a3 Nd5 23. Nxd5 exd5 24. Qd4 Rc8 25. f5 Ng3 26. Rhe1 Rh2 27. Rd2 Nxf5 28. Qf4 Rxd2 29. Qxd2 d4 30. e6 fxe6 31. Rxe6 Ne3 32. Rxe3 dxe3 33. Qd6+ Qe7 34. Qf4+ Kg8 35. Qg4 Rf8 0-1

[Event "World ol U16 10th"]
[Site "Kocaeli"]
[Date "2011.10.31"]
[Round "10.11"]
[White "Guney, Gamze Nur"]
[Black "Oberholzer, Francois"]
[Result "0-1"]
[WhiteElo "1709"]
[BlackElo "1729"]
[PlyCount "56"]
[EventDate "2011.10.24"]
[EventType "team-swiss"]
[EventRounds "10"]
[EventCountry "TUR"]
[SourceTitle "EXT 2012"]
[Source "ChessBase"]
[SourceDate "2011.11.24"]
[SourceVersion "1"]
[SourceVersionDate "2011.11.24"]
[SourceQuality "1"]
[WhiteTeam "Turkey III"]
[BlackTeam "South Africa"]
[WhiteTeamCountry "TUR"]
[BlackTeamCountry "RSA"]

1. d4 Nf6 2. Nf3 e6 3. c4 b6 4. Nc3 Bb4 5. Qc2 Bb7 6. Bd2 0-0 7. e3 d5 8. Bd3 Nbd7 9. a3 Be7 10. cxd5 exd5 11. 0-0 c5 12. b3 Rc8 13. Qb1 Re8 14. Re1 Bf8 15. e4 cxd4 16. Nxd4 Bc5 17. Nf5 dxe4 18. Nxe4 Nxe4 19. Bxe4 Rxe4 20. Rxe4 Bxe4 21. Qxe4 Nf6 22. Qe2 Qd5 23. g4 Qxb3 24. Bb4 Re8 25. Qb5 Re4 26. Qc6 Qf3 27. Bxc5 Rxg4+ 28. Ng3 Qxc6 0-1

[Event "TUR-chT"]
[Site "Konya"]
[Date "2011.07.05"]
[Round "9"]
[White "Gvetadze, Sofio"]
[Black "Guney, Gamze Nur"]
[Result "1-0"]
[WhiteElo "2330"]
[BlackElo "1731"]
[PlyCount "89"]
[EventDate "2011.06.28"]
[EventType "team-swiss"]
[EventRounds "13"]
[EventCountry "TUR"]
[SourceTitle "CBM 143 Extra"]
[Source "ChessBase"]
[SourceDate "2011.08.29"]
[SourceVersion "1"]
[SourceVersionDate "2011.08.29"]
[SourceQuality "1"]
[WhiteTeam "Bursa Tophane"]
[BlackTeam "Gazi Universitesi"]
[WhiteTeamCountry "TUR"]
[BlackTeamCountry "TUR"]

1. e4 c5 2. Nf3 d6 3. d4 cxd4 4. Nxd4 Nf6 5. Nc3 a6 6. Be2 e6 7. 0-0 Be7 8. Be3 0-0 9. f4 Qc7 10. Kh1 Nc6 11. Qe1 Nxd4 12. Bxd4 b5 13. e5 dxe5 14. Bxe5 Qb6 15. Qh4 Bb7 16. Bd3 h6 17. Qg3 Nh5 18. Qh3 Nf6 19. Rae1 Rfd8 20. Re3 b4 21. Rg3 Kf8 22. Nd1 Bc6 23. Ne3 Bb5 24. Ng4 Ke8 25. Nf2 Bxd3 26. cxd3 Bf8 27. f5 exf5 28. Re3 Be7 29. Rfe1 Nd5 30. Rf3 g6 31. Qxh6 Kd7 32. Qd2 Bd6 33. d4 Bxe5 34. dxe5 Ke6 35. Rd3 Rac8 36. Nh3 Qc5 37. Rxd5 Rxd5 38. Nf4+ Ke7 39. Nxd5+ Ke6 40. Nf4+ Ke7 41. e6 fxe6 42. Rxe6+ Kf8 43. Nxg6+ Kg8 44. Re1 Kg7 45. Qg5 1-0